Witamy w Bibliotece Naukowej Instytutu Łączności!

Widok standardowy Widok MARC

Pozycja Topical Term

Liczba rekordów, w których użyto hasło: 5

001 - CONTROL NUMBER

  • control field: 1123

003 - CONTROL NUMBER IDENTIFIER

  • control field: NUKAT

005 - DATE AND TIME OF LATEST TRANSACTION

  • control field: 20180409110847.0

008 - FIXED-LENGTH DATA ELEMENTS

  • fixed length control field: 050119|||az9nnbabn |a ana |

010 ## - LIBRARY OF CONGRESS CONTROL NUMBER

  • LC control number: p 2004324464

035 ## - SYSTEM CONTROL NUMBER

  • System control number: a12858420

039 #9 -

  • : 201511270018
  • : VLOAD
  • : 201511261000
  • : VLOAD
  • : 201310110013
  • : VLOAD
  • : 201310101001
  • : VLOAD
  • : 200506041336
  • : VLOAD

040 ## - CATALOGING SOURCE

  • Original cataloging agency: WA N
  • Transcribing agency: WA N

150 ## - HEADING--TOPICAL TERM

  • Topical term or geographic name as entry element: Zarządzanie wiedzą

450 ## - SEE FROM TRACING--TOPICAL TERM

  • Topical term or geographic name entry element: Wiedza
  • General subdivision: zarządzanie

450 ## - SEE FROM TRACING--TOPICAL TERM

  • Topical term or geographic name entry element: Knowledge management

550 ## - SEE ALSO FROM TRACING--TOPICAL TERM

  • Control subfield: g
  • Topical term or geographic name entry element: Zarządzanie

550 ## - SEE ALSO FROM TRACING--TOPICAL TERM

  • Topical term or geographic name entry element: Infobrokerzy

550 ## - SEE ALSO FROM TRACING--TOPICAL TERM

  • Topical term or geographic name entry element: Kapitał intelektualny przedsiębiorstwa

550 ## - SEE ALSO FROM TRACING--TOPICAL TERM

  • Topical term or geographic name entry element: Organizacja ucząca się

550 ## - SEE ALSO FROM TRACING--TOPICAL TERM

  • Topical term or geographic name entry element: Systemy informatyczne zarządzania

550 ## - SEE ALSO FROM TRACING--TOPICAL TERM

  • Control subfield: h
  • Topical term or geographic name entry element: Scouting wiedzy

902 ## -

  • : 151123

995 ## -

  • : s
  • : d
  • : -

996 ## -

  • : .a12858420

999 ## -

  • : VIRTUA y

Działa dzięki Koha